|
|
|
|
| LEADER |
00000nam a2200000 a 4500 |
| 001 |
vtls001438042 |
| 003 |
SK-MaSNL |
| 005 |
20260331204347.0 |
| 008 |
240226s2001 xo o grb 0|0 0 slo |
| 015 |
|
|
|a SNBSAB2002-00030
|
| 035 |
|
|
|a SNK000393172
|
| 035 |
|
|
|a urn:nbn:sk:snk-amjd8m
|
| 035 |
|
|
|a urn:nbn:sk:snk-am003ep4
|
| 035 |
|
|
|a B8FD412D-74C5-4BB4-92F4-CC0DEE75EE2D
|
| 040 |
|
|
|a SNK
|b slo
|c SNK
|e AACR2
|
| 041 |
0 |
|
|a slo
|
| 044 |
|
|
|a xo
|c SK
|
| 072 |
|
7 |
|a 01
|x Bibliografia. Katalógy
|2 konspekt
|
| 072 |
|
7 |
|a 37
|x Výchova a vzdelávanie
|2 konspekt
|
| 080 |
|
|
|a 82:929:378.124.2:012
|2 1981
|
| 080 |
|
|
|a 929 Sedlák, Imrich
|2 1981
|
| 080 |
|
|
|a 378.124.2
|2 1981
|
| 080 |
|
|
|a 012
|2 1981
|
| 100 |
1 |
|
|a Adamová, Beata,
|d 1950-
|4 com
|9 267297
|
| 245 |
1 |
0 |
|a Univ. prof. PhDr. Imrich Sedlák CSc.
|c zostavila: Beata Adamová
|
| 260 |
|
|
|a [Martin]
|b [Turčianska knižnica]
|c [2001]
|
| 300 |
|
|
|a 1 zlož. list ([4] s.)
|b fotogr.
|c 21 x 10 cm
|
| 366 |
|
|
|e 40 výt.
|
| 504 |
|
|
|a Usporiadanie chronolog. 15 zázn. o kn. a zbor. v slov.
|
| 521 |
|
|
|a Určené pri používateľov vlastnej knižnice
|
| 600 |
1 |
7 |
|a Sedlák, Imrich,
|d 1933-2016
|2 SNK
|9 103252
|
| 655 |
|
7 |
|a neperiodické bibliografie
|2 SNK
|9 60408
|
| 655 |
|
7 |
|a personálne bibliografie
|2 SNK
|9 70198
|
| 655 |
|
7 |
|a bibliografické letáky
|2 SNK
|9 74589
|
| 710 |
2 |
|
|a Turčianska knižnica v Martine
|4 pbl
|9 33816
|
| 958 |
|
|
|a RM
|
| 958 |
|
|
|a BX
|
| 958 |
|
|
|a PB
|
| 958 |
|
|
|a SF
|
| 999 |
|
|
|c 1157971
|d 1159901
|
| 952 |
|
|
|t P60, <03>, [BOOK], {603}
|a SNK
|b SNK
|y PREZ
|7 0
|p 17A0352531
|o snkOSC 21700
|i snkKSP 8979/2002
|0 0
|1 0
|4 0
|d 2002-07-22
|f 1
|l 0
|r 2005-01-02 00:00:00
|w 2026-02-24
|